00997nam a22002777a 4500003000900000005001700009007000300026008003600029020001500065040002500080082001700105100003700122245006300159250002400222260004000246300002000286490003600306500010600342504003200448590002600480830004300506910001500549942001400564952012400578999001700702DO-SdBNP20211001152056.0ta211001b 2004 dr a 00| 0 eng d a9993473049 aDO-SdBNPbspacBNPHU 4aBNPHUbM826f 91678aMoquete de la Rosa, Jacobo10aFilosofía de la educación /cJacobo Moquete de la Rosa a2a. ed. actualizada aSanto Domingo :bDe Colores,c2004. a53 p. :c26 cm.1 aEducación y sociedadv41x988 aIncliuye datos biográficos del autor en la contracubierta e incluye índices de nombres y materias aBibliografía : p. 341-346 aInventariado, 2021/BT 0aEducación y sociedadn41917470p988 aBtavárez 2ddccLBS1 00102ddc718MOaBNPHUbPDcHDd2021-10-01eDepósito Legall0oBNPHU M826fp2021-27134r2021-10-01w2021-10-01yLBS1 c50685d50685